| 000 | 00406nam a2200145Ia 4500 | ||
|---|---|---|---|
| 008 | 230917s9999||||xx |||||||||||||| ||und|| | ||
| 040 |
_e167359 _aMAIN |
||
| 041 | _aEnglish | ||
| 082 | _a891.433711 VI816N | ||
| 100 | _aविराज | ||
| 245 | 0 | _aनेपालेश्वर | |
| 260 |
_aइलाहाबाद _bसाहित्य भवन _c1973 |
||
| 300 | _a344 पृ. p. | ||
| 942 | _cHN | ||
| 999 |
_c189357 _d189357 |
||